| 000 | 00507nam a2200181 i 4500 | ||
|---|---|---|---|
| 001 | 113696 | ||
| 003 | ES-MaACL | ||
| 005 | 20230906185959.0 | ||
| 007 | t| | ||
| 008 | 061121s1972 sp |||| | spa d | ||
| 100 | 1 |
_aNoguera, Antonio. _985865 |
|
| 245 | 1 | 3 |
_aLa comarca d'Olot / _cAntonio Noguera. |
| 260 |
_aBarcelona : _bBarcino, _c1972. |
||
| 300 |
_a1 v., 35 lám. : _bil. ; _c19 cm. |
||
| 500 | _aEs el v. 2. | ||
| 651 | 4 |
_aGerona (Provincia)- _xDescripción. _9153503 |
|
| 852 |
_aES-MaACL _jP-1878 |
||
| 999 |
_c113696 _d113696 |
||